লোডিং...
The Winter's tale
| প্রধান লেখক: | |
|---|---|
| বিন্যাস: | Printed Book |
| প্রকাশিত: |
London
Routledge
1996
|
| বিষয়গুলি: |
| LEADER | 00483cam a2200157ua 4500 | ||
|---|---|---|---|
| 020 | |a 0-415-02710-1 | ||
| 082 | |a 822.33 R3 |b SHA/T | ||
| 100 | |a Shakespeare, William | ||
| 245 | 1 | 0 | |a The Winter's tale |
| 260 | |a London |b Routledge |c 1996 | ||
| 300 | |a ixxxix,225p. | ||
| 650 | |a English literature- Drama | ||
| 650 | 0 | |a Shakespeare, William | |
| 942 | |c BK | ||
| 999 | |c 1447 |d 1447 | ||
| 952 | |0 0 |1 0 |4 0 |6 822_330000000000000_R3_SHAT |7 0 |9 1503 |a KUCL |b KUCL |d 2014-05-23 |l 0 |o 822.33 R3 SHA/T |p 04563 |r 2014-05-23 |y BK | ||